A teima / (Record no. 58196)

MARC details
000 -LEADER
campo de control de longitud fija 00561nam a2200205 i 4500
001 - NÚMERO DE CONTROL
campo de control 58196
003 - IDENTIFICADOR DE NÚMERO DE CONTROL
campo de control ES-MaACL
005 - FECHA Y HORA DE LA ÚLTIMA TRANSACCIÓN
campo de control 20230906163739.0
007 - CAMPO FIJO DE DESCRIPCIÓN FÍSICA--INFORMACIÓN GENERAL
campo de control de longitud fija t|
008 - DATOS DE LONGITUD FIJA--INFORMACIÓN GENERAL
campo de control de longitud fija 031021s1973 sp ||||1| gao d
100 1# - ENTRADA PRINCIPAL--NOMBRE DE PERSONA
Nombre de persona Durán, Carlos.
9 (RLIN) 46172
245 12 - MENCIÓN DEL TÍTULO
Título A teima /
Mención de responsabilidad, etc. Carlos Durán ; ilustracions de Siro.
260 ## - PUBLICACIÓN, DISTRIBUCIÓN, ETC.
Lugar de publicación, distribución, etc. [Vigo] :
Nombre del editor, distribuidor, etc. Galaxia,
Fecha de publicación, distribución, etc. [1973]
300 ## - DESCRIPCIÓN FÍSICA
Extensión 126 p., 7 lám. ;
Dimensiones 19 cm.
490 1# - MENCIÓN DE SERIE
Mención de serie Illa nova ;
Designación de volumen o secuencia 22
700 0# - ENTRADA AGREGADA--NOMBRE PERSONAL
Nombre de persona Siro.
9 (RLIN) 106682
830 0# - PUNTO DE ACCESO ADICIONAL DE SERIE-TÍTULO UNIFORME
Título uniforme Illa nova ;
Designación de volumen o secuencia 22
9 (RLIN) 183495
852 ## - LOCALIZACIÓN
Ubicación ES-MaACL
Número de control de estantería C-52882
Sublocalización o colección R.86191
Holdings
Estatus retirado Estado de pérdida Estado de daño No para préstamo Biblioteca de origen Biblioteca actual Ubicación en estantería Fecha de adquisición Fuente de adquisición Total de préstamos Signatura topográfica completa Código de barras Visto por última vez Precio de reemplazo Tipo de ítem Koha
        Biblioteca del Ateneo de Madrid Biblioteca del Ateneo de Madrid Depósito 2 17/01/2008     C-52882 1061072 23/02/2023 23/02/2023 Libro impreso